Foreign policy (Record no. 38203)

MARC details
000 -LEADER
fixed length control field 00437nam a2200169Ia 4500
022 ## - INTERNATIONAL STANDARD SERIAL NUMBER
ISSN 00157228
050 ## - CALL MARK
Classification number HF 1455 .F67/
245 #0 - TITLE STATEMENT
Title Foreign policy
260 ## - PUBLICATION, DISTRIBUTION, ETC. (IMPRINT)
Place of publication New York
260 ## - PUBLICATION, DISTRIBUTION, ETC. (IMPRINT)
Name of publisher Carnegie Endowment for International Peace
260 ## - PUBLICATION, DISTRIBUTION, ETC. (IMPRINT)
Year of publication 1984
300 ## - PHYSICAL DESCRIPTION
Number of Pages 192 p.; 26 cm.
650 ## - SUBJECT ADDED ENTRY--TOPICAL TERM
Topical Term United States--Foreign economic relations.
942 ## - ADDED ENTRY ELEMENTS (KOHA)
Koha item type Serials

No items available.